| 000 | 00384nam a2200133 a 4500 | ||
|---|---|---|---|
| 005 | 20140414132111.0 | ||
| 008 | 110513s19uu xx 00 eng d | ||
| 050 |
_aTR _bOL1 2007 |
||
| 100 | _aCabrera, Jane. | ||
| 245 |
_aOld MacDonald had a farm / _cJane Cabrera. |
||
| 260 |
_aNew York : _bScholastic , _c2007. |
||
| 650 |
_aFolksongs, English _xUnited States _xTexts |
||
| 999 |
_c114740 _d114740 |
||